| 000 | 00557 a2200169 4500 | ||
|---|---|---|---|
| 020 | _a0691059136 | ||
| 020 | _a9780691059136 | ||
| 082 | _a519.92 | ||
| 090 |
_c909 _d909 |
||
| 100 | 1 | _aDantzig, George. | |
| 245 | 1 | 0 |
_aLinear programming and extensions / _cGeorge Dantzig. |
| 260 |
_a[S.l.] : _bPrinceton University Press, _c1991 |
||
| 300 |
_a648 p. ; _c24 cm. |
||
| 700 | _aDantzig, George. | ||
| 942 |
_aSNS _cBK _k519.92 DAN |
||
| 999 |
_c29532 _d29532 |
||